Diario La tercera.

Bibliographic Details
Format: Libro
Language:English

MARC

LEADER 00000cam a2200000 a 4500
001 035045
003 UAHC_CL
005 20170803123820.0
008 030328b xx j 000 1 eng
040 |a UAHC_CL  |c UAHC_CL  |d UAHC_CL 
245 1 0 |a Diario La tercera. 
900 |a LA TERCERA 
942 |c BK 
952 |0 0  |1 0  |4 0  |6 LA_TERCERA  |7 0  |8 Referencia  |9 66518  |a BC  |b BC  |c Referencia  |d 2017-08-03  |l 8  |o LA TERCERA  |p 1300976  |r 2019-08-27 00:00:00  |s 2019-08-27  |t 1  |w 2017-08-03  |y BK 
952 |0 0  |1 0  |4 0  |6 LA_TERCERA__DEPORTES  |7 0  |8 Referencia  |9 66519  |a BC  |b BC  |c Referencia  |d 2017-08-03  |l 0  |o LA TERCERA. DEPORTES  |p 1290000  |r 2019-01-08 00:00:00  |t 1  |w 2017-08-03  |y BK 
952 |0 0  |1 0  |4 0  |6 LA_TERCERA__DOMINGO  |7 0  |8 Referencia  |9 66520  |a BC  |b BC  |c Referencia  |d 2017-08-03  |l 0  |o LA TERCERA. DOMINGO  |p 1339664  |r 2019-01-08 00:00:00  |t 1  |w 2017-08-03  |y BK 
999 |c 35045  |d 35045